Đào tạo P.L.C.: WSB-7 (Dành cho lập trình viên) = P.L.C. trainer "WSB-7 (Programmer)"/

Bewaard in:
Bibliografische gegevens
Hoofdauteur: Không rõ
Formaat: Boek
Taal:Vietnamese
Gepubliceerd in: Lao động xã hội 2001
Tags: Voeg label toe
Geen labels, Wees de eerste die dit record labelt!
Thư viện lưu trữ: Mạng thư viện Đại học Đà Nẵng
LEADER 00787nam a2200265 4500
001 000027218
003 ĐA-TJ
005 20150403120000.0
008 150403s vm 000 vie
020 |c 0,0000 
040 |a notts 
100 |a Không rõ 
245 |a Đào tạo P.L.C.: WSB-7 (Dành cho lập trình viên) = P.L.C. trainer "WSB-7 (Programmer)"/  |c Người dịch: Phạm Lê Phát Toàn; Hiệu đính: Các giảng viên trường đại học Bách khoa Hà Nội. 
260 |b Lao động xã hội  |c 2001 
OWN |a LTT 
999 |a From the UDN01 
TYP |a Monograph 
TYP |a Printed language 
980 |a Mạng thư viện Đại học Đà Nẵng